Publicaciones del Instituto de Reformas Sociales (1903-1924) [ (Record no. 86314)

MARC details
000 -LEADER
campo de control de longitud fija 00823nam a2200193 i 4500
001 - NÚMERO DE CONTROL
campo de control 86314
003 - IDENTIFICADOR DE NÚMERO DE CONTROL
campo de control ES-MaACL
007 - CAMPO FIJO DE DESCRIPCIÓN FÍSICA--INFORMACIÓN GENERAL
campo de control de longitud fija t|
008 - DATOS DE LONGITUD FIJA--INFORMACIÓN GENERAL
campo de control de longitud fija 041227s2003 sp ||||1| spa d
024 8# - IDENTIFICADOR DE OTROS ESTÁNDARES
Número estándar o código NIPO 201-03-127-1
245 00 - MENCIÓN DEL TÍTULO
Título Publicaciones del Instituto de Reformas Sociales (1903-1924) [
Medio Recurso electrónico].
260 ## - PUBLICACIÓN, DISTRIBUCIÓN, ETC.
Lugar de publicación, distribución, etc. Madrid :
Nombre del editor, distribuidor, etc. Ministerio de Trabajo y Asuntos Sociales,
Fecha de publicación, distribución, etc. [2003]
300 ## - DESCRIPCIÓN FÍSICA
Extensión 1 Dvd ;
Dimensiones 12 cm.
500 ## - NOTA GENERAL
Nota general Características del sistema: PC Pentium MMX 133 o superior; s.o. windows 95, 98 o NT; 64 MB de Ram, lector DVD-Rom, Monitor SVGA.
500 ## - NOTA GENERAL
Nota general Edición conmemorativa del primer centenario de la creación del Instituto de Reformas Sociales.
610 24 - PUNTO DE ACCESO ADICIONAL DE MATERIA--NOMBRE DE ENTIDAD CORPORATIVA
Nombre de entidad corporativa o nombre de jurisdicción como elemento de entrada Instituto de Reformas Sociales (España)-
Subdivisión general Publicaciones-
Subdivisión de forma DVD
9 (RLIN) 5001
852 ## - LOCALIZACIÓN
Ubicación ES-MaACL
Número de control de estantería ROT 1/5/18
Holdings
Estatus retirado Estado de pérdida Fuente del sistema de clasificación o colocación Estado de daño No para préstamo Biblioteca de origen Biblioteca actual Ubicación en estantería Fecha de adquisición Total de préstamos Signatura topográfica completa Código de barras Visto por última vez Precio de reemplazo Tipo de ítem Koha
    Clasificación decimal universal     Biblioteca del Ateneo de Madrid Biblioteca del Ateneo de Madrid Depósito 17/01/2008   ROT 1/5/18 1090183 23/02/2023 23/02/2023 Archivo de ordenador en CD-ROM, CD o disquete